000 00360nam a22001457a 4500
999 _c531532
_d531532
003 NUST
020 _a0140510494
_qP/B.
038 _awaseem
082 _a550.3
_bCHA
100 _aWhitten, D.G.A.
_924354
245 _aThe Penguin Dictionary of Geology /
_cD.G.A. Whitten
260 _aU.S.A :
_bPenguin Books,
_c1975.
300 _a494 p. ;
942 _2ddc
_cBK